| 000 | 00936nam a2200205 a 4500 | ||
|---|---|---|---|
| 008 | 081212s2005 ||||||||||||||||| || u | ||
| 020 | _a0273684671 | ||
| 050 | _aHF 1111 Cam | ||
| 100 | _aCameron, Sheila | ||
| 245 | 1 | 4 |
_aThe MBA handbook: skills for mastering management. -- 5th ed. _cSheila Cameron |
| 260 |
_aHarlow, Essex _bFT Prentice Hall _c2005 |
||
| 300 | _axiii, 414p.: ill. | ||
| 350 | _a0.00 | ||
| 650 | _aMASTER OF BUSINESS ADMINISTRATION DEGREE | ||
| 650 | _aBUSINESS EDUCATION | ||
| 650 | _aINDUSTRIAL MANAGEMENT--STUDY AND TEACHING (GRADUATE) | ||
| 650 | 0 | _aBUSINESS | |
| 995 |
_aMAIN LIBRARY OPEN ACCESS _D0.00 _e739344 _FCBU-MAIN LIBRARY (Kitwe) _H1 _I0.00 _jHF 1111 Cam _M2 _UAVAILABLE _WJan 27, 2009 _y739344 _ZMain Library Open Access Collection |
||
| 995 |
_aMAIN LIBRARY OPEN ACCESS _D0.00 _e739047 _FCBU-MAIN LIBRARY (Kitwe) _H1 _I0.00 _jHF 1111 Cam _M1 _UAVAILABLE _WJan 27, 2009 _y739047 _ZMain Library Open Access Collection |
||
| 999 |
_c82786 _d82786 |
||